Responses for Show #6162 - Tuesday, May 31, 2011

Contestants

[<< previous game]

Jennifer Najarian, a bookseller from Coplay, Pennsylvania

Ty Cone, a federal law clerk from Brooklyn, New York

Matt Larson, a technical support specialist from Denver, Colorado (whose 1-day cash winnings total $5,599)

[next game >>]

Jeopardy! Round responses

THE HUMAN BODY
BEATLES LAST LINES
YES, WE HAVE NO ARMY
YOU'VE GONE BANKRUPT
SUMMER SCHOOL AT YALE
ANIMAL ANAGRAMS
    $200 16
the placenta

Jennifer
    $200 1
"Eleanor Rigby"

Ty
    $200 6
Monaco

Ty
    $200 26
General Motors

Matt
    $200 21
the Renaissance

Jennifer
    $200 11
lamb

Matt
    $400 17
the nose

Jennifer
    $400 2
"Blackbird"

Matt
    $400 7
Grenada

Ty
    $400 27
the Panama Canal

Ty
    $400 22
psychology

Matt
    $400 12
badger

Jennifer
    $1,600 18
the gall bladder

Jennifer
    $600 3
"Ticket To Ride"

Matt
    $600 8
Andorra

Matt
    $600 28
(Ty: Who is Grieg?)

Ibsen

Ty
Triple Stumper
    $600 23
architecture

Ty
    $600 13
a parrot

Ty
    $800 19
the skull

Ty
    $800 4
"A Hard Day's Night"

Jennifer
    $800 9
Iceland

Matt
    $800 29
Stanley

Ty
    $800 24
philosophy

Jennifer
    $800 14
ocelots

Triple Stumper
    $1000 20
the femoral arteries

Matt
    $1000 5
"Across The Universe"

Matt
    $1000 10
Micronesia

Matt
    $1000 30
(Matt: Who is Melville?)

(Daniel) Defoe

MattTy
    $1000 25
(Gertrude) Stein

Ty
    $1000 15
the manatee

Ty

Scores at the first commercial break (after clue 15):

Matt Ty Jennifer
$4,600 $2,400 $1,200

Scores at the end of the Jeopardy! Round:

Matt Ty Jennifer
$5,200 $6,400 $4,400

Double Jeopardy! Round responses

THE INCAS
MICHAEL DOUGLAS MOVIE ROLES
ON THE LABEL
PLAY MATES
THEODORE ROOSEVELT
"BULL"-Y!
    $400 18
corn

Ty
    $400 24
Romancing the Stone

Jennifer
    $400 1
Cheerios

Jennifer
    $400 12
Death of a Salesman

Matt
    $400 3
football

Ty
    $400 11
the bullpen

Jennifer
    $800 22
terraces

Jennifer
    $800 25
War of the Roses

Ty
    $800 2
Sweden

Ty
    $800 16
Who's Afraid of Virginia Woolf?

Ty
    $800 4
a boxing ring

Jennifer
    $800 13
bull's eye

Matt
    $1200 23
Quechuan

Triple Stumper
    $1200 26
Wall Street: Money Never Sleeps

Matt
    $1200 6
Coors Light

Matt
    $1200 19
A Man for All Seasons

Ty
    $1,000 5
(Jennifer: Who is FDR?)

William Howard Taft

Jennifer
    $1200 14
(Matt: What is a bulldog?)

a bullmastiff

MattTy
    $1600 28
a snake

Jennifer
    $1600 27
Basic Instinct

Triple Stumper
    $1600 7
Arm & Hammer

Ty
    $1600 20
Dial M for Murder

Ty
    $1600 8
(Jennifer: What is the Crimean War?)

the Russo-Japanese War

MattJennifer
    $1600 15
bulletproof

Jennifer
    $2000 30
Cuzco

Triple Stumper
    $2000 29
Black Rain

Triple Stumper
    $2000 10
a leaf

Ty
    $2,000 21
The Miracle Worker

Ty
    $2000 9
his wife and his mother

Jennifer
    $2000 17
a bullfinch

Matt

Scores at the end of the Double Jeopardy! Round:

Matt Ty Jennifer
$11,200 $19,200 $9,800

[wagering suggestions for these scores]

Final Jeopardy! Round responses

ANCIENT WRITINGS
JenniferWhat is the Old Testament
$5,000
MattWhat is the Annals
$11,200
TyWhat is the New Old Testament
$3,205
the Old Testament

Final scores:

Matt Ty Jennifer
$0 $22,405 $14,800
3rd place: $1,000 New champion: $22,405 2nd place: $2,000

Game dynamics:

Coryat scores:

Matt Ty Jennifer
$11,200 $19,200 $9,800
16 R,
2 W
22 R
(including 1 DD),
1 W
15 R
(including 1 DD),
2 W
(including 1 DD)

Combined Coryat: $40,200

[game clues] [game scores] [suggest correction]

Game tape date: 2011-02-09
The J! Archive is created by fans, for fans. Scraping, republication, monetization, and malicious use prohibited; this site may use cookies and collect identifying information. See terms. The Jeopardy! game show and all elements thereof, including but not limited to copyright and trademark thereto, are the property of Jeopardy Productions, Inc. and are protected under law. This website is not affiliated with, sponsored by, or operated by Jeopardy Productions, Inc. Join the discussion at JBoard.tv.